Canadian/USA/UK Logos #1 - Statistics

General Stats
  • This quiz has been taken 53 times
  • The average score is 8 of 20
Answer Stats
Picture Answer % Correct
Canadian Tire
72%
Boston Pizza
59%
Vodafone
56%
Roots
53%
Vauxhall
53%
Shoppers Drug Mart
50%
Tesco
50%
Dollarama
47%
Dollar Tree
44%
Harvey's
44%
Canada Post
41%
Giant Tiger
41%
California Pizza Kitchen
34%
Culver's
34%
Shake Shack
34%
East Side Mario's
28%
Wimpy
25%
El Pollo Loco
22%
Intact
22%
Wetzel's Pretzels
13%
No matching quizzes found
Score Distribution
Percent of People with Each Score
Percentile by Number Answered
Your Score History
You have not taken this quiz